000 00779cam a22002411 4500
001 1697221
003 ARRUPE
005 20160223114342.0
008 711020s1966 nyua b 000 0 eng
010 _a 66016499
040 _aDLC
_cDLC
_dDLC
050 0 0 _aQC6
_b.C33
082 0 0 _a530.01
100 1 _aCarnap, Rudolf,
_d1891-1970.
_922420
245 1 0 _aPhilosophical foundations of physics;
_ban introduction to the philosophy of science.
_cEdited by Martin Gardner.
260 _aNew York,
_bBasic Books, inc.
_c1966
300 _ax, 300 p.;
_billus.
_c24 cm.
504 _aBibliography: p. 293-295.
650 0 _aPhysics
_xPhilosophy.
_922421
700 _aGardner, Martin
_eed.
_922422
906 _a7
_bcbc
_corignew
_du
_eocip
_f19
_gy-gencatlg
942 _2lcc
_cMONOGRAPH
999 _c124213
_d124213